| 000 -CABECERA |
| Campo de control de longitud fija |
00458nam a22001457a 4500 |
| 008 - CAMPO FIJO DE DESCRIPCIÓN FIJA--INFORMACIÓN GENERAL |
| Campo de control de longitud fija |
230516b ||||| |||| 00| 0 eng d |
| 020 ## - ISBN (INTERNATIONAL STANDARD BOOK NUMBER) |
| ISBN |
9788481280432 |
| 040 ## - FUENTE DE CATALOGACIÓN |
| Agencia de catalogación original |
CDMR |
| 100 1# - ENCABEZAMIENTO PRINCIPAL--NOMBRE PERSONAL |
| 9 (RLIN) |
356 |
| Nombre de persona |
Alcalde, Carmen |
| 245 ## - MENCIÓN DE TÍTULO |
| Título |
Cartes a Lilit |
| Mención de responsabilidad, etc. |
/ Carmen Alcalde ; traducció de Daniel Bonaventura ; postfaci de Josep Clara |
| 260 ## - PUBLICACIÓN, DISTRIBUCIÓN, ETC (PIE DE IMPRENTA) |
| Lugar de publicación, distribución, etc. |
Girona : |
| Nombre del editor, distribuidor, etc. |
Llibres del Segle, |
| Fecha de publicación, distribución, etc. |
2023 |
| 300 ## - DESCRIPCIÓN FÍSICA |
| Extensión |
143 pàgines |
| Dimensiones |
; 21 cm |
| 490 ## - MENCIÓN DE SERIE |
| Mención de serie |
Què us diré |
| Número de volumen/designación secuencial |
; 55 |
| 942 ## - ELEMENTOS KOHA |
| Fuente de clasificación o esquema de ordenación en estanterías |
|
| Koha tipo de item |
Monografies |